逃走中 賞金獲得者 - Statistics

General Stats
  • This quiz has been taken 107 times
  • The average score is 9 of 97
Answer Stats
放送回 逃走者 獲得金額 種別 % Correct
第56回 HIKAKIN ¥1,500,000 逃走成功
64%
第24回 田中卓志 ¥1,320,000 逃走成功
52%
第30回 鈴木拓 ¥1,302,000 自首成立
47%
第37回 鈴木拓 ¥997,100 自首成立
47%
第59回 伊沢拓司 ¥2,520,000 逃走成功
39%
第51回 新庄剛志 ¥780,000 逃走成功
25%
第50回 兼近大樹 ¥1,170,000 逃走成功
24%
第32回 上地雄輔 ¥2,760,000 逃走成功
23%
第35回 眞鍋かをり ¥1,560,000 逃走成功
22%
第36回 関口メンディー ¥1,440,000 逃走成功
21%
第35回 的場浩司 ¥1,560,000 逃走成功
18%
第61回 ノブ ¥1,840,000 逃走成功
18%
第25回 藤森慎吾 ¥1,080,000 逃走成功
17%
第48回 山内健司 ¥1,024,800 自首成立
17%
第61回 山内健司 ¥625,200 自首成立
17%
第9回 小島よしお ¥840,000 逃走成功
16%
第44回 藤田ニコル ¥1,080,000 逃走成功
16%
第41回 おのののか ¥1,560,000 逃走成功
15%
第51回 松尾駿 ¥553,000 自首成立
14%
第7回 矢口真里 ¥2,000,000 逃走成功
13%
第32回 城田優 ¥1,288,200 自首成立
13%
第40回 Ami ¥1,217,400 自首成立
13%
ジャンプ第2回 山本裕典 ¥990,000 逃走成功
11%
ジャンプ第5回 山本裕典 ¥720,000 逃走成功
11%
第28回 清原和博 ¥1,500,000 逃走成功
11%
第34回 スギちゃん ¥1,440,000 逃走成功
11%
第42回 杉村太蔵 ¥1,680,000 逃走成功
11%
第57回 朝日奈央 ¥780,000 逃走成功
11%
第3回 ゴルゴ松本 ¥300,000 逃走成功
10%
第12回 中岡創一 ¥960,000 逃走成功
10%
第21回 スザンヌ ¥1,080,000 逃走成功
10%
第28回 皆藤愛子 ¥1,500,000 逃走成功
10%
第43回 岡田結実 ¥600,000 逃走成功
10%
パイロット版 つるの剛士 ¥358,500 逃走成功
9%
第15回 金田哲 ¥1,280,000 逃走成功
9%
第18回 東尾理子 ¥2,160,000 逃走成功
9%
第37回 久保田和靖 ¥704,800 自首成立
9%
第46回 木下ほうか ¥345,200 自首成立
9%
第49回 昴生 ¥1,080,000 逃走成功
9%
第54回 佐藤大樹 ¥1,680,000 逃走成功
9%
第43回 ぺえ ¥600,000 ボーナス
8%
第44回 ユースケ ¥1,080,000 逃走成功
8%
第16回 浅田舞 ¥1,045,600 自首成立
7%
第20回 おかもとまり ¥1,080,000 逃走成功
7%
第26回 ミッツ・マングローブ ¥1,440,000 逃走成功
7%
第30回 永井大 ¥1,440,000 逃走成功
7%
第61回 槙野智章 ¥1,840,000 逃走成功
7%
第6回 ISSA ¥960,000 逃走成功
7%
クロノス第3回 藤本敏史 ¥360,000 逃走成功
6%
第8回 吉澤ひとみ ¥540,000 逃走成功
6%
第9回 高田延彦 ¥840,000 逃走成功
6%
第13回 叶美香 ¥420,000 逃走成功
6%
第13回 エリック・ワイナイナ ¥420,000 ボーナス
6%
第14回 安田美沙子 ¥1,080,000 逃走成功
6%
第19回 篠原信一 ¥960,000 逃走成功
6%
第33回 岸本セシル ¥1,440,000 逃走成功
6%
第47回 髙橋海人 ¥600,000 逃走成功
6%
第25回 NAOKI ¥1,080,000 ボーナス
6%
第1回 保坂尚希 ¥390,000 逃走成功
5%
第8回 宮川大輔 ¥540,000 逃走成功
5%
第11回 国生さゆり ¥540,000 逃走成功
5%
第16回 小塚崇彦 ¥1,080,000 逃走成功
5%
第20回 はるな愛 ¥964,200 自首成立
5%
パイロット版 なすび ¥287,800 自首成立
3%
第2回 平畠啓史 ¥600,000 逃走成功
3%
第4回 品川祐 ¥600,000 逃走成功
3%
第5回 ビビる大木 ¥1,080,000 逃走成功
3%
第9回 マリエ ¥688,200 自首成立
3%
第12回 設楽統 ¥10,000 ボーナス
3%
第13回 池田一真 ¥10,000 ボーナス
3%
第15回 川田広樹 ¥1,280,000 逃走成功
3%
第16回 佐々木主浩 ¥756,000 自首成立
3%
第19回 秋元才加 ¥960,000 逃走成功
3%
第33回 梅田彩佳 ¥100,000 ボーナス
3%
第8回 misono ¥439,800 自首成立
3%
クロノス第1回 長谷部優 ¥360,000 逃走成功
2%
クロノス第2回 小倉優子 ¥270,000 自首成立
2%
クロノス第3回 山本太郎 ¥360,000 逃走成功
2%
クロノス第4回 ワッキー ¥420,000 逃走成功
2%
ジャンプ第1回 斎藤洋介 ¥270,600 自首成立
2%
第9回 姜暢雄 ¥840,000 逃走成功
2%
第14回 市川亀治郎 ¥529,000 自首成立
2%
第27回 武藤敬司 ¥725,500 自首成立
2%
第58回 水田信二 ¥743,600 自首成立
2%
パイロット版 大原かおり ¥294,200 自首成立
1%
第2回 浅香唯 ¥129,200 自首成立
1%
第2回 岡田義徳 ¥600,000 逃走成功
1%
第3回 矢沢心 ¥230,000 自首成立
1%
クロノス第1回 山崎邦正 ¥278,300 自首成立
1%
クロノス第3回 堤下敦 ¥276,000 自首成立
1%
第9回 若槻千夏 ¥481,000 自首成立
1%
第13回 亘健太郎 ¥10,000 ボーナス
1%
第48回 古橋法正 ¥1,560,000 逃走成功
1%
第3回 斉藤舞子 ¥128,000 自首成立
0%
第3回 諸星和己 ¥300,000 逃走成功
0%
第4回 石本沙織 ¥315,000 自首成立
0%
クロノス第3回 瀬戸早妃 ¥320,000 自首成立
0%
No matching quizzes found
Score Distribution
Percent of People with Each Score
Percentile by Number Answered
Your Score History
You have not taken this quiz